| 000 | 00565nam a2200193Ia 4500 | ||
|---|---|---|---|
| 999 |
_c3424 _d3424 |
||
| 003 | OSt | ||
| 005 | 20200819123236.0 | ||
| 008 | 190216s9999||||xx |||||||||||||| ||und|| | ||
| 020 | _a8188646547 | ||
| 040 | _coclc | ||
| 082 |
_a541.3 _bPUR/P |
||
| 100 |
_aPuri, B R _94153 |
||
| 245 | 0 |
_aPrinciples Of Physical Chemistry / _cB R Puri ; L R Sharma ; M S Pathania |
|
| 250 | _a42nd Ed. | ||
| 260 |
_bVishal Publishing, _c2008. _aJalandhar: |
||
| 300 | _a1201p | ||
| 650 | _aChemistry-Chemistry | ||
| 942 |
_cBK _2ddc _h541.3 _iPUR/P _k541.3 _mPUR/P |
||